000 00643nam a2200241Ia 4500
003 OSt
005 20220926011830.0
006 a|||||r|||| 00| 0
007 ta
008 220923b |||||||| |||| 00| 0 eng d
037 _cGeneral Book
040 _aRTL
_cRTL
_beng
041 _2eng
_aeng
082 _aX:87, L2
100 _aMiller Ernest C. Ed.
_9315037
245 0 _aConference leadership
250 _aRev Ed
260 _aNew York
_bAMACOM USA
_c1972
300 _a116p. Bib p 114-16
_ccm.
650 _aExecutive
_9233834
942 _hX:87, L2
_cGB
_2CC
999 _c621091
_d621091